COFFEE IT'S NOT ROCKET SCIENCE : (Record no. 180752)

MARC details
000 -LEADER
fixed length control field 01174nam a22002891i 4500
005 - DATE AND TIME OF LATEST TRANSACTION
control field 20201228101000.0
008 - FIXED-LENGTH DATA ELEMENTS--GENERAL INFORMATION
fixed length control field 201228t2019 enka|||e ||| 001 0 eng d
020 ## - INTERNATIONAL STANDARD BOOK NUMBER
International Standard Book Number 9780600636427
Terms of availability RM 99.90
Qualifying information hardback
040 ## - CATALOGING SOURCE
Original cataloging agency PPAK
Language of cataloging eng
Transcribing agency PPAK
Description conventions rda
082 04 - DEWEY DECIMAL CLASSIFICATION NUMBER
Edition number 23
Classification number 641.3373
090 00 - LOCALLY ASSIGNED LC-TYPE CALL NUMBER (OCLC); LOCAL CALL NUMBER (RLIN)
Classification number (OCLC) (R) ; Classification number, CALL (RLIN) (NR) 641.3373
Feature heading RAC
Feature heading G
100 1# - MAIN ENTRY--PERSONAL NAME
Personal name Racineux, Sébastien,
Relator term author.
245 1# - TITLE STATEMENT
Title COFFEE IT'S NOT ROCKET SCIENCE :
Remainder of title A quick & easy guide to brewing, serving, roasting & tasting coffee /
Statement of responsibility, etc. Sébastien Racineux & Chung-Leng Tran; illustrated by Yannis Varoutsikos
264 #1 - PRODUCTION, PUBLICATION, DISTRIBUTION, MANUFACTURE, AND COPYRIGHT NOTICE
Place of production, publication, distribution, manufacture London :
Name of producer, publisher, distributor, manufacturer Hamlyn ,
Date of production, publication, distribution, manufacture, or copyright notice 2019.
300 ## - PHYSICAL DESCRIPTION
Extent 184 pages :
Other physical details colour illustration ;
Dimensions 24 cm.
336 ## - CONTENT TYPE
Source rdacontent
Content type term text
-- still image
337 ## - MEDIA TYPE
Source rdamedia
Media type term unmediated
338 ## - CARRIER TYPE
Source rdacarrier
Carrier type term volume
500 ## - GENERAL NOTE
General note Originally published: as Coffee isn't rocket science. 2018.
General note Translation by Jackie Smith, in association with Cambridge Publishing Management.
520 ## - SUMMARY, ETC.
Summary, etc. A quick and easy graphic guide to becoming a coffee expert.
650 10 - SUBJECT ADDED ENTRY--TOPICAL TERM
Topical term or geographic name entry element Coffee.
Topical term or geographic name entry element Coffee brewing.
700 1# - ADDED ENTRY--PERSONAL NAME
Personal name Tran, Chung-Leng,
Relator term author.
Personal name Varoutsikos, Yannis,
Relator term illustrator.
942 ## - ADDED ENTRY ELEMENTS (KOHA)
Source of classification or shelving scheme Dewey Decimal Classification
Koha item type Book
Holdings
Withdrawn Not for loan Current library Shelving location Date acquired Total Checkouts Total Renewals Full call number Barcode Date last seen Date last checked out Koha item type
    Perpustakaan Alor Setar Pinjaman Dewasa 19/01/2021 4 2 641.3373 RAC A01667096 12/08/2025 02/07/2025 Book